<?xml version="1.0" encoding="UTF-8"?>
<collection xmlns="http://www.loc.gov/MARC21/slim">
<record>
  <controlfield tag="001">125897</controlfield>
  <controlfield tag="005">20241125101151.0</controlfield>
  <datafield tag="024" ind1="7" ind2=" ">
    <subfield code="2">doi</subfield>
    <subfield code="a">10.7189/13.04014</subfield>
  </datafield>
  <datafield tag="024" ind1="8" ind2=" ">
    <subfield code="2">sideral</subfield>
    <subfield code="a">133017</subfield>
  </datafield>
  <datafield tag="037" ind1=" " ind2=" ">
    <subfield code="a">ART-2023-133017</subfield>
  </datafield>
  <datafield tag="041" ind1=" " ind2=" ">
    <subfield code="a">eng</subfield>
  </datafield>
  <datafield tag="100" ind1=" " ind2=" ">
    <subfield code="a">Moreno Juste, Aida</subfield>
  </datafield>
  <datafield tag="245" ind1=" " ind2=" ">
    <subfield code="a">Multimorbidity, social determinants and intersectionality in chronic patients. Results from the EpiChron Cohort</subfield>
  </datafield>
  <datafield tag="260" ind1=" " ind2=" ">
    <subfield code="c">2023</subfield>
  </datafield>
  <datafield tag="506" ind1="0" ind2=" ">
    <subfield code="a">Access copy available to the general public</subfield>
    <subfield code="f">Unrestricted</subfield>
  </datafield>
  <datafield tag="520" ind1="3" ind2=" ">
    <subfield code="a">Background: Multimorbidity is influenced in an interconnected way, both in extent and nature, by the social determinants of health. We aimed at implementing an intersectional approach to analyse the association of multimorbidity with five important axes of social inequality (i.e. gender, age, ethnicity, residence area and socioeconomic class). Methods: We conducted a cross-sectional observational study of all individuals who presented with at least one chronic disease in 2019 (n = 1 086 948) from the EpiChron Cohort (Aragon, Spain). Applying intersectional analysis, the age-adjusted likelihood of multimorbidity was investigated across 36 intersectional strata defined by gender, ethnicity, residence area and socioeconomic class. We calculated odds ratios (OR) 95% confidence interval (CI) using high-income urban non-migrant men as the reference category. The area under the receiver operator characteristics curve (AUC) was calculated to evaluate the discriminatory accuracy of multimorbidity. Results: The prevalence of multimorbidity increased with age, female gender and low income. Young and middle-aged low-income individuals showed rates of multimorbidity equivalent to those of high-income people aged about 20 years older. The intersectional analysis showed that low-income migrant women living in urban areas for >15 years were particularly disadvantaged in terms of multimorbidity risk OR = 3.16 (95% CI = 2.79-3.57). Being a migrant was a protective factor for multimorbidity, and newly arrived migrants had lower multimorbidity rates than those with >15 years of stay in Aragon, and even non-migrants. Living in rural vs. urban areas was slightly protective against multimorbidity. All models had a large discriminatory accuracy (AUC = 0.7884-0.7895); the largest AUC was obtained for the model including all intersectional strata. Conclusions: Our intersectional approach uncovered the large differences in the prevalence of multimorbidity that arise due to the synergies between the different socioeconomic and demographic exposures, beyond their expected additive effects.</subfield>
  </datafield>
  <datafield tag="536" ind1=" " ind2=" ">
    <subfield code="9">info:eu-repo/grantAgreement/ES/DGA-FEDER/B01-20R</subfield>
    <subfield code="9">info:eu-repo/grantAgreement/ES/ISCIII-RICAPPS/RD21-0016-0019</subfield>
  </datafield>
  <datafield tag="540" ind1=" " ind2=" ">
    <subfield code="9">info:eu-repo/semantics/openAccess</subfield>
    <subfield code="a">by</subfield>
    <subfield code="u">http://creativecommons.org/licenses/by/3.0/es/</subfield>
  </datafield>
  <datafield tag="590" ind1=" " ind2=" ">
    <subfield code="a">4.5</subfield>
    <subfield code="b">2023</subfield>
  </datafield>
  <datafield tag="591" ind1=" " ind2=" ">
    <subfield code="a">PUBLIC, ENVIRONMENTAL &amp; OCCUPATIONAL HEALTH</subfield>
    <subfield code="b">44 / 408 = 0.108</subfield>
    <subfield code="c">2023</subfield>
    <subfield code="d">Q1</subfield>
    <subfield code="e">T1</subfield>
  </datafield>
  <datafield tag="591" ind1=" " ind2=" ">
    <subfield code="a">PUBLIC, ENVIRONMENTAL &amp; OCCUPATIONAL HEALTH</subfield>
    <subfield code="b">44 / 408 = 0.108</subfield>
    <subfield code="c">2023</subfield>
    <subfield code="d">Q1</subfield>
    <subfield code="e">T1</subfield>
  </datafield>
  <datafield tag="592" ind1=" " ind2=" ">
    <subfield code="a">1.093</subfield>
    <subfield code="b">2023</subfield>
  </datafield>
  <datafield tag="593" ind1=" " ind2=" ">
    <subfield code="a">Public Health, Environmental and Occupational Health</subfield>
    <subfield code="c">2023</subfield>
    <subfield code="d">Q1</subfield>
  </datafield>
  <datafield tag="593" ind1=" " ind2=" ">
    <subfield code="a">Health Policy</subfield>
    <subfield code="c">2023</subfield>
    <subfield code="d">Q1</subfield>
  </datafield>
  <datafield tag="594" ind1=" " ind2=" ">
    <subfield code="a">6.1</subfield>
    <subfield code="b">2023</subfield>
  </datafield>
  <datafield tag="655" ind1=" " ind2="4">
    <subfield code="a">info:eu-repo/semantics/article</subfield>
    <subfield code="v">info:eu-repo/semantics/publishedVersion</subfield>
  </datafield>
  <datafield tag="700" ind1=" " ind2=" ">
    <subfield code="a">Gimeno Miguel, Antonio</subfield>
    <subfield code="0">(orcid)0000-0002-5440-1710</subfield>
  </datafield>
  <datafield tag="700" ind1=" " ind2=" ">
    <subfield code="a">Poblador Plou, Beatriz</subfield>
    <subfield code="0">(orcid)0000-0002-5119-5093</subfield>
  </datafield>
  <datafield tag="700" ind1=" " ind2=" ">
    <subfield code="a">Calderón Larrañaga, Amaia</subfield>
    <subfield code="0">(orcid)0000-0001-9064-9222</subfield>
  </datafield>
  <datafield tag="700" ind1=" " ind2=" ">
    <subfield code="a">Cano del Pozo, Mabel</subfield>
  </datafield>
  <datafield tag="700" ind1=" " ind2=" ">
    <subfield code="a">Forjaz, Maria João</subfield>
  </datafield>
  <datafield tag="700" ind1=" " ind2=" ">
    <subfield code="a">Prados Torres, Alexandra</subfield>
    <subfield code="0">(orcid)0000-0002-5704-6056</subfield>
  </datafield>
  <datafield tag="700" ind1=" " ind2=" ">
    <subfield code="a">Gimeno Feliú, Luis A.</subfield>
    <subfield code="u">Universidad de Zaragoza</subfield>
    <subfield code="0">(orcid)0000-0003-2928-6623</subfield>
  </datafield>
  <datafield tag="710" ind1="2" ind2=" ">
    <subfield code="1">1007</subfield>
    <subfield code="2">610</subfield>
    <subfield code="a">Universidad de Zaragoza</subfield>
    <subfield code="b">Dpto. Medicina, Psiqu. y Derm.</subfield>
    <subfield code="c">Area Medicina</subfield>
  </datafield>
  <datafield tag="773" ind1=" " ind2=" ">
    <subfield code="g">13 (2023), 04014 [10 pp.]</subfield>
    <subfield code="p">Journal of global health.</subfield>
    <subfield code="t">Journal of Global Health</subfield>
    <subfield code="x">2047-2978</subfield>
  </datafield>
  <datafield tag="856" ind1="4" ind2=" ">
    <subfield code="s">1095870</subfield>
    <subfield code="u">http://zaguan.unizar.es/record/125897/files/texto_completo.pdf</subfield>
    <subfield code="y">Versión publicada</subfield>
  </datafield>
  <datafield tag="856" ind1="4" ind2=" ">
    <subfield code="s">2750996</subfield>
    <subfield code="u">http://zaguan.unizar.es/record/125897/files/texto_completo.jpg?subformat=icon</subfield>
    <subfield code="x">icon</subfield>
    <subfield code="y">Versión publicada</subfield>
  </datafield>
  <datafield tag="909" ind1="C" ind2="O">
    <subfield code="o">oai:zaguan.unizar.es:125897</subfield>
    <subfield code="p">articulos</subfield>
    <subfield code="p">driver</subfield>
  </datafield>
  <datafield tag="951" ind1=" " ind2=" ">
    <subfield code="a">2024-11-22-12:06:45</subfield>
  </datafield>
  <datafield tag="980" ind1=" " ind2=" ">
    <subfield code="a">ARTICLE</subfield>
  </datafield>
</record>
</collection>